Sống thác với tình

Guardat en:
Dades bibliogràfiques
Autor principal: Hồ, Biểu Chánh
Format: Llibre
Idioma:Undetermined
Publicat: Hà Nội Phụ nữ 2005
Matèries:
Etiquetes: Afegir etiqueta
Sense etiquetes, Sigues el primer a etiquetar aquest registre!
Thư viện lưu trữ: Trung tâm Học liệu Trường Đại học Cần Thơ
LEADER 00523nam a2200193Ia 4500
001 CTU_101123
008 210402s9999 xx 000 0 und d
020 |c 22000 
082 |a 895.922332 
082 |b Ch107 
100 |a Hồ, Biểu Chánh 
245 0 |a Sống thác với tình 
245 0 |c Hồ Biểu Chánh 
260 |a Hà Nội 
260 |b Phụ nữ 
260 |c 2005 
650 |a Vietnamese fiction 
904 |i Hiếu 
980 |a Trung tâm Học liệu Trường Đại học Cần Thơ